Регионална библиотека "Любен Каравелов" - Русе

Двайсетте дни в Торино (Запис номер 346139)

MARC детайли
000 -Лидер
Контролно поле с фиксирана дължина 01390nam a2200313 a 4500
003 - Код на организацията, давaща контролен номер
Контролно поле BLK
005 - Дата и час на последна редакция
Контролно поле 20241206151647.0
008 - Елементи от данни с фиксирана дължина
fixed length control field 191023b bu ||||| |||| 00| 0 bu d
020 ## - Международен стандартен номер на книга ISBN
Международен стандартен номер на книга ISBN 9786199118634
040 ## - Източник на каталожния запис
Идентификатор на билиотеката - собственик на записа BLK
041 ## - Код за език
Код за езика на текст/звукозапис или на отделно заглавие Български
Код за езика КДБФ Български
080 ## - УДК
Текстов определител УДК Италианска литература
УДК код - определител по УДК 821.131.1
УДК - код + определител -31
УДК определител 821.131.1-31
100 ## - Редна дума - Автор
R(LIN) 1299
Автор Де Мария, Джорджо
Авторска отговорност първи автор
139 ## - Редно поле
Редна дума Де Мария, Джорджо
Авторски знак Де - Д 30
245 ## - Сведения за заглавието
Заглавие Двайсетте дни в Торино
Подзаглавни данни Репортаж от края на века
Редно поле (дума) Джорджо Де Мария ; предг. Реймън Глейзов ; прев. от англ. Надежда Розова
260 ## - Област на издателските данни
9 (RLIN) 391964
Място на издаване, разпространение и проч. София
Име на издателя, разпространителя и проч. MY BOOK
Година на издаване 2019
300 ## - Физическа характеристика
Страници 196 с.
Размери/Мащаб 21 см
380 ## - Жанр
Жанр Худож. лит.
501 ## - Забележка „подвързано към”
Забележка: Подвързано към... Ориг. загл: Le venti giornate di Torino / Giorgio De Maria<br/>Благодарности от Реймън Глейзов: с. 193<br/>За авт., авт. на доп. материал: с. 194
700 ## - Други автори (авторска отговорност)
9 (RLIN) 401063
Лично име Глейзов, Реймън
Автороска отговорност (Описва отношението между автора и произведението) предг.
700 ## - Други автори (авторска отговорност)
Лично име Розова, Надежда Иванова
9 (RLIN) 366022
852 ## - Местоположение
Форматна сигнатура Цб 304349
Фондова буква Хранилище
999 ## - СИСТЕМНИ КОНТРОЛНИ НОМЕРА
Koha biblionumber 346139
Koha biblioitemnumber 346139
942 ## - АРТИКУЛИ
Вид на библиотечния материал Книги
Скрит в OPAC Не
Периодичен библиозапис Да
Koha issues (borrowed), all copies 5
944 ## - СЪЗДАВАНЕ И РЕДАКЦИЯ на ЗАПИСА
Създаване/Редакция Създаване
Дата на регистрацията/редакция 2019-10-23
Статус, дата на статуса Минев Младен
Служител, извършил регистрацията/редакцията 30530
944 ## - СЪЗДАВАНЕ И РЕДАКЦИЯ на ЗАПИСА
Създаване/Редакция Редакция
Дата на регистрацията/редакция 2020-11-17
Статус, дата на статуса 2020-11-17
Служител, извършил регистрацията/редакцията К.Д.
999 ## - СИСТЕМНИ КОНТРОЛНИ НОМЕРА
Koha biblioitemnumber 346139
999 ## - СИСТЕМНИ КОНТРОЛНИ НОМЕРА
Koha biblioitemnumber 346139
999 ## - СИСТЕМНИ КОНТРОЛНИ НОМЕРА
Koha biblioitemnumber 346139
Наличности
Код за отписване Код за изгубен артикул Източник на класификационната схема Код за повреда Коз за рестрикции Код за отдаване Артикулен № Име на библиотеката - собственик Име на библиотеката, в която се намира в момента Статус (Текущо местоположение) Дата на вписване в системата Местоположение - отдел Цена в лева Систематично азбучна сигнатура Баркод Цена в евро Служебен тип на артикула
  Не е изгубен Universal Decimal Classification Не е повреден без рестрикции заемане за дома 748152 Регионална библиотека "Любен Каравелов" Русе Регионална библиотека "Любен Каравелов" Русе Заемна - подръчен фонд 2019-10-24 Заемна - подръчен фонд 11.17 П 850-31/Д 30 120000837044 5.71 Книги
  Не е изгубен Universal Decimal Classification Не е повреден само за читалня ползва се в читалня 805083 Регионална библиотека "Любен Каравелов" Русе Регионална библиотека "Любен Каравелов" Русе Хранилище 2020-11-13 Хранилище 14.90 Цб 304349 120000849709 7.62 Книги
Vip Innovations Ltd, Rousse, Bulgaria 2025